|
|
|
|
| LEADER |
00000nam0a2200000 4500 |
| 001 |
157890 |
| 005 |
20231101222009.0 |
| 010 |
|
|
|a 9785388007728
|
| 035 |
|
|
|a (RuTPU)RU\TPU\book\171259
|
| 090 |
|
|
|a 157890
|
| 100 |
|
|
|a 20090415d2009 km y0rusy50 ca
|
| 101 |
0 |
|
|a rus
|
| 102 |
|
|
|a RU
|
| 105 |
|
|
|a a z 000zy
|
| 200 |
1 |
|
|a Программирование для мобильных устройств под управлением Windows Mobile
|f А. П. Климов
|
| 210 |
|
|
|a СПб.
|c Питер
|d 2009
|
| 215 |
|
|
|a 333 с.
|c ил.
|
| 225 |
1 |
|
|a Библиотека программиста
|
| 330 |
|
|
|a С помощью этой книги вы научитесь создавать самые разнообразные приложения для мобильных устройств под управлением операционной системы Windows Mobile. В издании рассмотрены принципы использования технологии программирования .NET Compact Framework 3.5, описан процесс создания приложений различного типа. Кроме того, здесь вы найдете подробные примеры и множество советов по использованию .NET Compact Framework. Книга рассчитана в первую очередь на программистов, уже имеющих опыт программирования на .NET Framework и желающих расширить свой кругозор за счет освоения .NET Compact Framework.
|
| 606 |
1 |
|
|a Операционные системы
|x Управление
|2 stltpush
|3 (RuTPU)RU\TPU\subj\47060
|9 66127
|
| 610 |
1 |
|
|a программирование
|
| 610 |
1 |
|
|a мобильные устройства
|
| 610 |
1 |
|
|a управление
|
| 610 |
1 |
|
|a операционные системы
|
| 610 |
1 |
|
|a использование
|
| 610 |
1 |
|
|a Windows Mobile
|
| 610 |
1 |
|
|a Compact NET Framework
|
| 675 |
|
|
|a 681.3.066
|v 3
|
| 700 |
|
1 |
|a Климов
|b А. П.
|g Александр П.
|
| 801 |
|
1 |
|a RU
|b 63413507
|c 20090415
|g PSBO
|
| 801 |
|
2 |
|a RU
|b 63413507
|c 20100513
|g PSBO
|
| 900 |
|
|
|a Операционные системы
|
| 942 |
|
|
|c BK
|
| 959 |
|
|
|a 49/20090413
|d 1
|e 196,00
|f ЧЗТЛ:1
|